00544cam a2200193 a 45000010005000000030009000050050017000140080041000310400028000720820023001001000028001232450059001512500012002102600038002223000022002605000020002825050012003026500036003148891BD-DhUAP20201231115515.0200204s1997 bg 001 0 eng  aDLCcDLCdBD-DhUAPbEng00223a342.549202 HUD2 aHuda, A. K. M. Shamsul 14aThe constitution of Bangladesh /cA.K.M. Shamsul Huda. a1st ed. aChittagong :bRita Court,cc1997. avolumes ;c23 cm. aIncludes index. aV. 1--  0aConstitutional lawzBangladesh.